Statistiques concernant Les 15 chaines youtube française ayant le plus d'abonnés

Cliquez ici pour prendre le quiz!

Statistiques générales

  • Ce quiz a été pris 141 fois
  • Le résultat moyen est 6 sur 15

Statistiques - réponses

Nombre d'abonnésChaines% Correct
18.8MSqueezie
98%
14.5MCyprien
93%
9.57MMichou
87%
11.5MNorman
82%
17.3MTibo InShape
74%
8.48MAmixem
61%
9.95MLama Faché
38%
11.5MGIMS
8%
12.4MOGGY
6%
14.1MLofi Girl
5%
10.5MSoolking Officiel
5%
8.14MGrizzy & les Lemmings
2%
8.36Ml'Algerino
2%
8.04MVLOG
2%
9.18MMayamystic
1%

Distribution des résultats

Percentile par nombre de réponses

% des personnes avec chaque résultat

Votre développement - résultats

Vous n’avez pas pris ce quiz